Équipe d’Allemagne - le quiz - Statistiques

Statistiques générales
  • Ce quiz a été pris 128 fois
  • Le résultat moyen est 15 sur 20
Statistiques - réponses
Question Réponse % Correct
Combien d’Euros les allemands ont-ils remportés ? 3
94%
Combien de Coupe du Monde les allemands ont-ils remportés ? 4
92%
Quel défenseur allemand a remporté la Coupe du Monde en tant que joueur et entraîneur ? Franz Beckenbauer
90%
Contre quelle équipe l’Allemagne s’incline en finale du Mondial 86 ? Argentine
89%
Sur quel score l’Allemagne élimine le Brésil en demies finale de la Coupe du Monde 2014 ? 7 : 1
87%
Quelle équipe les éliminent en demies finale de l’Euro 2016 ? France
87%
Qui est l’équipementier de la sélection actuellement ? Adidas
85%
Qui marque le but, dans le temps additionnel de la finale, permettant aux allemands de remporter la Coupe du Monde 2014 ? Mario Götze
85%
A quel stade la sélection est sortie lors des Mondial 2018 et 2022 ? Groupes
83%
Qui est le meilleur buteur de l’histoire de la sélection ? Miroslav Klose (71)
83%
Qui prend les rênes de la sélection en 2006 et les tiendra pendant plus de 15 ans ? Joachim Löw
82%
Quel stade du Mondial l’équipe atteindra en 2002 ? Finale
81%
Quel est le surnom le plus célèbre de la sélection ? Die Mannschaft
74%
En quelle année l’Allemagne remporte sa première Coupe du Monde ? 1954
71%
Après quel événement majeur les allemands remportent leur 3ème Coupe du Monde en 1990 ? Chute du Mur de Berlin
68%
Quelle est la seule équipe contre qui l’Allemagne a perdue lors du Mondial 2022 ? Japon
62%
Quel joueur allemand sera élu joueur de la compétition lors de ce Mondial ? Oliver Kahn
61%
Contre quelle équipe l’Allemagne a-t-elle jouée le match de la honte en 1982 ? Autriche
50%
Qui est actuellement le joueur le plus capé de l’histoire de la sélection ? Lothar Matthäus (150)
45%
Quel joueur, d’origine est-allemande, remporte le Ballon d’Or 1996 suite au sacre à l’Euro la même année ? Matthias Sammer
44%
Aucun quiz correspondant
Distribution des résultats
% des personnes avec chaque résultat
Percentile par nombre de réponses
Votre historique - résultats
Vous n’avez pas pris ce quiz